Statistiques concernant Géographie de l'Océanie

Cliquez ici pour prendre le quiz!

Statistiques générales

  • Ce quiz a été pris 140 fois
  • Le résultat moyen est 9 sur 13

Statistiques - réponses

Indice Réponse % Correct
Plus grand pays d'OcéanieAustralie
100%
île situé au sud de l'Australie qui est fameux pour son diableTasmanie
93%
Où nous retrouvons le peuple MaoriNouvelle-Zélande
88%
Ville australienne avec une population de 4 millionsSydney
87%
Ressource très recherchée en Australie où commença une ruée en 1851Or
83%
Vaste désert d'Australie nommé en l'honneur d'une reine anglaiseGrand Désert De Victoria
77%
Ville la plus peuplée de Nouvelle-ZélandeAuckland
76%
Regroupement d'îles qui a un mouvement séparatiste et qui va tenir un référendum en 2018 pour se séparer de la FranceNouvelle-Calédonie
76%
Énorme rocher situé en AustralieUluru
60%
Ancienne colonie allemande qui a environ 800 langues parléesPapouasie-Nouvelle-Guinée
50%
Capitale de FidjiSuva
50%
Nom péjoratif donné aux Néo-ZélandaisKiwi
30%
Nom de l'Atoll où fut essayé plusieurs armes nucléaires provenant des États-UnisBikini
29%

Distribution des résultats

Percentile par nombre de réponses

% des personnes avec chaque résultat

Votre développement - résultats

Vous n’avez pas pris ce quiz